Evaluations of drug interactions / (Record no. 45102)
[ view plain ]
| 000 -LEADER | |
|---|---|
| fixed length control field | 00742cam2a220021700 4500 |
| 001 - CONTROL NUMBER | |
| control field | qce01122694 |
| 005 - DATE AND TIME OF LATEST TRANSACTION | |
| control field | 20190813181122.0 |
| 008 - FIXED-LENGTH DATA ELEMENTS--GENERAL INFORMATION | |
| fixed length control field | 760113s1974 wau 000 0 eng u |
| 035 ## - SYSTEM CONTROL NUMBER | |
| System control number | (Sirsi) r68362 |
| 035 ## - SYSTEM CONTROL NUMBER | |
| System control number | (QCAT)lss01140490 |
| 035 ## - SYSTEM CONTROL NUMBER | |
| System control number | (UPRA)qce01122694 |
| 040 ## - CATALOGING SOURCE | |
| Modifying agency | UPRA |
| 110 2# - MAIN ENTRY--CORPORATE NAME | |
| Corporate name or jurisdiction name as entry element | American Pharmaceutical Association. |
| Linkage | A29417.1 |
| 245 10 - TITLE STATEMENT | |
| Title | Evaluations of drug interactions / |
| Statement of responsibility, etc. | Prepared with the cooperation and assistance of the American Dental Association [and others]. |
| 260 ## - PUBLICATION, DISTRIBUTION, ETC. | |
| Place of publication, distribution, etc. | Washington, |
| Date of publication, distribution, etc. | [c1976] |
| 504 ## - BIBLIOGRAPHY, ETC. NOTE | |
| Bibliography, etc. note | Includes bibliographies. |
| 650 #0 - SUBJECT ADDED ENTRY--TOPICAL TERM | |
| Topical term or geographic name entry element | Drug synergism. |
| Linkage | S21287.1 |
| 710 2# - ADDED ENTRY--CORPORATE NAME | |
| Corporate name or jurisdiction name as entry element | American Dental Association. |
| Linkage | A29418.1 |
| 949 ## - LOCAL PROCESSING INFORMATION (OCLC) | |
| a | RM302 |
| w | LC |
| i | -91734 |
| m | MEDICAL |
| t | BOOK |
| l | ON-SHELF |
| Withdrawn status | Lost status | Source of classification or shelving scheme | Damaged status | Not for loan | Home library | Current library | Shelving location | Total Checkouts | Full call number | Barcode | Date last seen | Copy number | Price effective from | Koha item type |
|---|---|---|---|---|---|---|---|---|---|---|---|---|---|---|
| Library of Congress Classification | Medical Library | Medical Library | On Shelf | RM 302 EVA 1976 | 33729000182621 | 08/13/2019 | 1 | 08/13/2019 | Book |